Giáo trình luật so sánh

Giáo trình luật so sánh bao gồm ba phần: Phần một: Những vấn đề chung về luật so sánh; Phần hai: các dòng họ pháp luật cơ bản trên thế giới; Phần ba: Hệ thống pháp luật của một số quốc gia ở châu Á....

Full description

Saved in:
Bibliographic Details
Main Author: Nguyễn, Quốc Hoàn
Format: Book
Language:Undetermined
Published: Hà Nội Công an nhân dân 2009
Subjects:
Tags: Add Tag
No Tags, Be the first to tag this record!
Institutions: Trung tâm Học liệu Trường Đại học Cần Thơ
LEADER 00937nam a2200205Ia 4500
001 CTU_150174
008 210402s9999 xx 000 0 und d
020 |c 54000 
082 |a 340.2 
082 |b H406 
100 |a Nguyễn, Quốc Hoàn 
245 0 |a Giáo trình luật so sánh 
245 0 |c Nguyễn Quốc Hoàn ( chủ biên ) ... [ et al. ] 
260 |a Hà Nội 
260 |b Công an nhân dân 
260 |c 2009 
520 |a Giáo trình luật so sánh bao gồm ba phần: Phần một: Những vấn đề chung về luật so sánh; Phần hai: các dòng họ pháp luật cơ bản trên thế giới; Phần ba: Hệ thống pháp luật của một số quốc gia ở châu Á. 
650 |a Comparative law,Luật so sánh 
904 |i Tươi, Kiều Nguyên 
980 |a Trung tâm Học liệu Trường Đại học Cần Thơ